| Registos Bibliográficos associados ao registo de autoridade |
|
Etiqueta de registo: 00254nam 2200025 450 001 2286188 003 http://id.bnportugal.gov.pt/bib/catbnp/2286188 100 ## $a20260512d2025 k y0pory01030103ba 101 0# $aeng$dpor 102 ## $aPT 105 ## $aa m 001yy 106 ## $ar 200 1# $a The impact of a brief well-being programme intervention on the curriculum of the
hospitality management schools$ewithin the swiss education group$fVanessa Andreia Andrade da Fonseca Mendes$gorient. Albertina Lima Oliveira 210 #9 $aCoimbra$c[s.n.],$d2025 215 ## $a644 p.$cil.$d30 cm 328 #1 $aTese dout. Ciências da Educação (Organização do Ensino, Aprendizagem e Formação de
Professores), Faculdade de Psicologia e Ciências da Educação da Universidade de Coimbra,
2025 700 #1 $aMendes,$bVanessa Andreia Andrade da Fonseca$31998192 702 #1 $aOliveira,$bAlbertina Lima de$4727$31644602 801 #0 $aPT$bBN$gRPC 966 ## $lBN$mFGMON$x1 971 ## $cisantos$d20260512
|
|
|